LEADER 00841nam0-22003131i-450- 001 990005589890403321 005 20060921122318.0 010 $a0140217223 035 $a000558989 035 $aFED01000558989 035 $a(Aleph)000558989FED01 035 $a000558989 100 $a19990604d1974----km-y0itay50------ba 101 0 $aeng 105 $aa-------00--- 200 1 $aArt and Photography$fAaron Scharf 210 $aHarmondsworth$cPenguin Books$d1974 215 $a397 p.$cill.$d23 cm 225 1 $aPelican books 610 0 $aFotografia$aStoria 676 $a770.1$v21$zita 700 1$aScharf,$bAaron$0210435 801 0$aIT$bUNINA$gRICA$2UNIMARC 901 $aBK 912 $a990005589890403321 952 $a770.1 SCH 1$bST.ARTE 12283$fFLFBC 959 $aFLFBC 996 $aArt and photography$930715 997 $aUNINA LEADER 00946nam0-22003011i-450- 001 990000808700403321 005 20001010 010 $a88-7448-896-3 035 $a000080870 035 $aFED01000080870 035 $a(Aleph)000080870FED01 035 $a000080870 100 $a20001010d--------km-y0itay50------ba 101 0 $aita 105 $ay-------001yy 200 1 $a<>architettura contemporanea$ein dieci lezioni (dividendo per undici)$eZibaldone e bibliografia sull'architettura, l'arteitaliana e le riviste del novecento$fFrancesco Tentori 210 $aRoma$cGangemi$d[1999] 215 $a190 p.$d24 cm 610 0 $aARCHITETTURA CONTEMPORANEA 700 1$aTentori,$bFrancesco$f<1931- >$010532 801 0$aIT$bUNINA$gRICA$2UNIMARC 901 $aBK 912 $a990000808700403321 952 $aARCH B 1686$b10486$fFARBC 959 $aFARBC 996 $aArchitettura contemporanea$9333549 997 $aUNINA DB $aING01 LEADER 01133nam 2200349 450 001 9910469148703321 005 20230414191850.0 010 $a1-66541-587-8 035 $a(CKB)5590000000440524 035 $a(NjHacI)995590000000440524 035 $a(EXLCZ)995590000000440524 100 $a20230414d2020 uy 0 101 0 $aeng 135 $aur||||||||||| 181 $ctxt$2rdacontent 182 $cc$2rdamedia 183 $acr$2rdacarrier 200 10$a2020 International Serious Games Symposium (ISGS) /$fInstitute of Electrical and Electronics Engineers 210 1$aPiscataway, New Jersey :$cIEEE,$d2020. 215 $a1 online resource (130 pages) $cillustrations 311 $a1-66544-690-0 330 $aHolistic (all aspects of humanities, arts, and engineering). 517 $a2020 International Serious Games Symposium 606 $aComputer games$vCongresses 615 0$aComputer games 676 $a794.8 801 0$bNjHacI 801 1$bNjHacl 906 $aPROCEEDING 912 $a9910469148703321 996 $a2020 International Serious Games Symposium (ISGS)$92544318 997 $aUNINA